00878nab a2200265 uc450000100070000000500170000700800410002403500110006503500210007604000130009704100080011010000390011824500250015765000320018265000380021465000300025265000250028265000180030765000380032565000360036365000250039977301590042494200100058399900190059378683220240528090013.0021121e19421001 spa  a786832 a(OCoLC)819999459 ccomduadb aspa10aGalindo, Alberto4auteaut932085213aEl control economico aMedios de transporte913163 aOrganización industrial9176081 aControl economico9106629 7aImportaciones29104 aDebates95270 aIntervención política9106630 7aControl de precios2lemb916002 aEspeculación999710 tTemas del Presente y Futuro Económicos (Medellín)gTemas (Medellin) Vol. 03, Nos. 15-20, Jul.-Dic. 1942, No. 18, Oct. 1942, p. 753-755w6653240200998 cARIMP c268130d268130